000 00292nam a22000977a 4500
100 _aबलराम
245 _aबातों के बादशाह
260 _aदिल्‍ली
_bभावना प्राकशन
_c2017
650 _aसाहित्‍य
942 _cHIN
999 _c64461
_d64461